Анализ способов по предотвращению и тушению эндогенных пожаров на породных отвалах; Инновационные технологии и экономика в машиностроении

Detalles Bibliográficos
Parent link:Инновационные технологии и экономика в машиностроении.— 2015.— [С. 377-380]
Autor Principal: Торосян Е. С. Елена Самвеловна
Autor Corporativo: Национальный исследовательский Томский политехнический университет (ТПУ) Юргинский технологический институт (филиал) (ЮТИ) Кафедра безопасности жизнедеятельности, экологии и физического воспитания (БЖДЭФВ)
Outros autores: Филонов А. В. Александр Владимирович
Summary:Заглавие с титульного экрана
Idioma:ruso
Publicado: 2015
Series:Защита окружающей среды, безопасность и охрана труда на предприятиях
Subjects:
Acceso en liña:http://earchive.tpu.ru/handle/11683/19766
http://www.lib.tpu.ru/fulltext/c/2015/C30/091.pdf
Formato: MixedMaterials Electrónico Capítulo de libro
KOHA link:https://koha.lib.tpu.ru/cgi-bin/koha/opac-detail.pl?biblionumber=612995

MARC

LEADER 00000naa2a2200000 4500
001 612995
005 20231101132732.0
035 |a (RuTPU)RU\TPU\conf\11126 
035 |a RU\TPU\conf\11125 
090 |a 612995 
100 |a 20150703d2015 k y0rusy50 ca 
101 0 |a rus 
102 |a RU 
105 |a y z 101zy 
135 |a drcn ---uucaa 
181 0 |a i  
182 0 |a b 
200 1 |a Анализ способов по предотвращению и тушению эндогенных пожаров на породных отвалах  |f Е. С. Торосян, А. В. Филонов 
203 |a Текст  |c электронный 
225 1 |a Защита окружающей среды, безопасность и охрана труда на предприятиях 
230 |a 1 компьютерный файл (pdf; 262 Кb) 
300 |a Заглавие с титульного экрана 
320 |a [Библиогр.: с. 380 (9 назв.)] 
337 |a Adobe Reader 
463 0 |0 (RuTPU)RU\TPU\conf\10375  |t Инновационные технологии и экономика в машиностроении  |o сборник трудов VI Международной научно-практической конференции, 21-23 мая 2015 г., Юрга  |f Национальный исследовательский Томский политехнический университет (ТПУ), Юргинский технологический институт (ЮТИ) ; под ред. Д. А. Чинахова  |v [С. 377-380]  |d 2015 
610 1 |a труды учёных ТПУ 
610 1 |a электронный ресурс 
610 1 |a эндогенные пожары 
610 1 |a породные отвалы 
610 1 |a предотвращение 
610 1 |a тушение 
610 1 |a химизм 
610 1 |a уголь 
700 1 |a Торосян  |b Е. С.  |c специалист в области экологии и безопасности жизнедеятельности  |c ассистент Юргинский технологический институт (филиал) Томского политехнического университета  |f 1981-  |g Елена Самвеловна  |2 stltpush  |3 (RuTPU)RU\TPU\pers\25696 
701 1 |a Филонов  |b А. В.  |c специалист в области экологии и безопасности жизнедеятельности  |c лаборант Юргинского технологического института (филиала) Томского политехнического университета  |f 1989-  |g Александр Владимирович  |2 stltpush  |3 (RuTPU)RU\TPU\pers\35188 
712 0 2 |a Национальный исследовательский Томский политехнический университет (ТПУ)  |b Юргинский технологический институт (филиал) (ЮТИ)  |b Кафедра безопасности жизнедеятельности, экологии и физического воспитания (БЖДЭФВ)  |h 2240  |2 stltpush  |3 (RuTPU)RU\TPU\col\18930 
801 2 |a RU  |b 63413507  |c 20210205  |g RCR 
856 4 |u http://earchive.tpu.ru/handle/11683/19766 
856 4 |u http://www.lib.tpu.ru/fulltext/c/2015/C30/091.pdf 
942 |c BK